[Event "RUS-ch 56th"]
[Site "Krasnoyarsk"]
[Date "2003.09.05"]
[Round "3"]
[White "Yandarbiev, Ruslan"]
[Black "Lugovoi, Aleksei"]
[Result "1-0"]
[WhiteElo "2424"]
[BlackElo "2566"]
[Annotator "Gofshtein,L"]
[PlyCount "55"]
[EventDate "2003.09.03"]
[EventType "swiss"]
[EventRounds "9"]
[EventCountry "RUS"]
[SourceTitle "CBM 098"]
[Source "ChessBase"]
[SourceDate "2004.02.03"]
[SourceVersion "1"]
[SourceVersionDate "2004.02.03"]
[SourceQuality "1"]

1. e4 {[%mdl 4]} c5 2. Nf3 d6 3. d4 cxd4 4. Nxd4 Nf6 5. Nc3 Nc6 6. Bg5 e6 7.
Qd2 a6 8. O-O-O Bd7 9. f3 Be7 {9...Rc8 usually leads to the same positions} (
9... Rc8 10. Nxc6 Bxc6 11. Kb1 Be7 12. h4 h6 13. Be3 h5 14. Bg5 b5 15. Bd3 Qc7
16. Ne2 Bb7 17. Rhe1 $36 {1-0 Luther,T-Sameeh,H/Bled 2002/EXT 2003 (36)}) 10.
h4 h5 {A typical move in these positions. Black holds the advance of white
pawns on the king side.} 11. Kb1 Rc8 12. Nxc6 $5 {[%cal Rc3e2,Re2d4] White
exchanges knights in order to bring his second knight to d4} Bxc6 {12...Rc6
was met much more and as the pactice shows black has counterchances.} (12...
Rxc6 $5 13. Ne2 (13. g3 b5 14. Bg2 b4 15. Ne2 a5 16. Nf4 Qb6 17. Rhe1 Rc7 18.
Bh3 a4 $132 {1/2-1/2 Lanka,Z-Kozul,Z/Pula 1997/CBM 57 ext/[Hecht] (78)}) (13.
Bd3 Qa5 14. f4 Ng8 15. f5 (15. e5 $5 f6 (15... dxe5 16. Bb5 Rd6 17. Bxd7+ Kxd7
18. Qf2 $40) 16. Bg6+ Kd8 (16... Kf8 $2 17. Rhf1) 17. Bf7 $5 fxg5 18. hxg5 $40)
15... Bf6 $1 16. Bxf6 (16. Ne2 $4) 16... Nxf6 17. Qg5 Qe5 $132 {0-1 Shirov,
A-Kozul,Z/Budapest 1996/CBM 56/[Rechlis,G] (58)} (17... O-O 18. fxe6 Qxg5 19.
hxg5)) 13... e5 (13... b5 14. Nd4 Rc8 15. g3 Qc7 16. Bh3 $36 {1/2-1/2 Zezulkin,
J-Rabiega,R/Germany 1999/CBM 74 ext (31)}) 14. Nc3 Be6 15. g3 Qc8 $132 {
1/2-1/2 Sutovsky,E-Kozul,Z/Bled 1997/CBM 57 ext (47)}) 13. Bd3 b5 14. Rhe1 {
Profilactic move. White prepares f3-f4. The immideate 14.Ne2 was also possible
as it was played in the game given below} (14. Ne2 $5 Qb6 15. Ng3 a5 16. f4 Rd8
17. Qe2 g6 18. f5 $40 {1-0 Werle,J-Krivoshey,S/Dieren 2001/CBM 83 ext (28)})
14... Qc7 15. Ne2 $5 {[%cal Ye2d4,Ye2f4,Ye2g3]} e5 {[%cal Re5d4,Re5f4] That's
how black prevents from white to transfer the knight to d4} 16. Ng3 {[%cal
Rg3f5]} g6 17. f4 Ng4 $6 {A positional mistake. 17...ef! was nessecary, taking
contol of the e5 square and recieving good counterplay. The piece sac by 18.
Nf5 is not dangerous for black as the next variations show} (17... exf4 $5 18.
Qxf4 (18. Nf5 gxf5 19. exf5 (19. Qxf4 Nxe4 20. Bxe7 Kxe7 21. Qxf5 d5 $19) 19...
Kf8 20. Qxf4 Kg7 21. Re2 Rhg8 $19) 18... Ng4 19. Bxe7 Qxe7 $132 {[%cal Rg4e5]})
18. f5 $5 $36 {[%mdl 128] White plans to open the f-file in order to get an
attack on the enemy king} Qa7 (18... Bb7 19. Rf1 $36) 19. fxg6 fxg6 20. Be2 $1
{[%cal Re2g4]} Rd8 $2 (20... Nf6 $5 {Of course, 20...Nf6 was more stubborn} 21.
Qd3 (21. Bxf6 Bxf6 22. Qxd6 Qe7 $11) 21... O-O 22. Rf1 Qc7) 21. Bxg4 $1 hxg4
22. h5 $18 {White totally opens the game, reaching the black king} Rg8 23. Bxe7
Qxe7 24. hxg6 {[%cal Rg3f5] Capturing the square f5} Rxg6 25. Rh1 {[%cal Rh1h8]
Activizing the rook for a decisive envasion} Qf8 26. Rdf1 Qg8 27. Qf2 {[%cal
Rf2f7]} d5 {Black misses a tactical shot, but also in case of 27...Rd7 his
position is totally hopeless} (27... Rd7 28. Qb6 Bb7 29. Rf5 $18) 28. Rh8 1-0

[Event "Budapest zt 1.4"]
[Site "Budapest"]
[Date "2000.06.17"]
[Round "1"]
[White "Jaracz, Pawel"]
[Black "Nevednichy, Vladislav"]
[Result "1/2-1/2"]
[WhiteElo "2490"]
[BlackElo "2589"]
[Annotator "Gofshtein,L"]
[PlyCount "114"]
[EventDate "2000.06.17"]
[EventType "swiss"]
[EventRounds "9"]
[EventCountry "HUN"]
[SourceTitle "CBM 078"]
[Source "ChessBase"]
[SourceDate "2000.10.18"]
[SourceVersion "1"]
[SourceVersionDate "2000.10.18"]
[SourceQuality "1"]

1. e4 {[%mdl 6692]} c5 2. Nf3 d6 3. d4 cxd4 4. Nxd4 Nf6 5. Nc3 Nc6 6. Bg5 e6 7.
Qd2 a6 8. O-O-O Bd7 9. f3 Be7 10. h4 h6 (10... Rc8 11. g4 Nxd4 12. Qxd4 Qa5 13.
Kb1 h6 14. Bd2 Qc7 15. Qg1 g6 16. g5 hxg5 17. hxg5 Rxh1 18. Qxh1 Nh5 19. f4 $36
{1-0 Tringov,G-Bertok,M/Vinkovci 1976/EXT 99 (42)}) (10... O-O 11. Kb1 b5 12.
g4 Nxd4 13. Qxd4 Qa5 14. Bd2 b4 15. Ne2 Rab8 16. g5 Nh5 17. Bh3 e5 18. Qa7 Bxh3
19. Rxh3 Rfc8 20. f4 Qb5 21. Rd3 Qc4 22. Rc1 Bf8 {1/2-1/2 Makarichev,
S-Panchenko,A/Daugavpils 1978/MCD (22)}) 11. Be3 h5 $5 {tipical blocade move,
which make difficult attack in the king side for white,also possible anoter
possibilities:} (11... Nxd4 12. Bxd4 (12. Qxd4 Rc8 13. Kb1 Qc7 14. Qd2 b5 15.
Bd3 b4 16. Ne2 $1 {[%cal Ye2d4]} Bb5 17. Nd4 $16 {1-0 Lanka,Z-Kraut,R/Germany
1995/GER-chT (35)}) 12... e5 $5 (12... b5 13. a3 Rc8 14. g4 Bc6 15. Be2 e5 16.
Be3 Nd7 17. g5 $16 {1-0 Gaprindashvili,N-Zitserman,T/Riga 1975/MCD (27)}) 13.
Be3 Be6 14. Kb1 Rc8 15. Be2 Qa5 16. a3 Rxc3 $5 17. Qxc3 Qxc3 18. bxc3 d5 19.
exd5 Nxd5 20. Bd2 Bxa3 21. Bc4 Nc7 22. Bb3 Ke7 23. Rhe1 f6 $44 {1/2-1/2 Lanka,
Z-Kraut,R/Germany 1996/GER-chT (50)}) (11... b5 12. g4 Ne5 13. a3 Rc8 14. Kb1
$40 {1-0 Garcia Martinez,S-Vasiukov,E/Cienfuegos 1975/EXT 98 (40)}) 12. Qf2 {
another possibility is:} (12. Bg5 $5 Qb6 13. Nxc6 Bxc6 14. Bd3 O-O-O 15. Kb1
Qc7 16. Rhe1 Rhe8 17. Qf4 Kb8 18. Qg3 $14 {1/2-1/2 Kindermann,S-Nevednichy,V/
Germany 1999/EXT 2000 (90)}) (12. Nxc6 bxc6 13. Bg5 Qa5 $132) 12... Ne5 {
[%csl Ye5]} 13. Kb1 b5 {[%cal Gb5c4,Ge5c4]} 14. Nce2 Qc7 {[%cal Ye5c4,Yb5c4,
Yc7c2]} 15. Bg5 Rb8 {[%cal Rb8b2]} 16. Ng3 {[%cal Yg3h5]} b4 {[%cal Rb4c3]
Black begins pawn attack over the queenside.} 17. Be2 (17. Bxa6 $2 Qa5 18. Bd3
Ra8 $36) 17... a5 18. Bxf6 Bxf6 19. f4 Ng4 20. Qf3 {after 20.Bg4 black also
has good counterplay} (20. Bxg4 hxg4 21. h5 Rc8 22. Rd2 a4 $132) 20... a4 $5 {
[%cal Ra4a3] Interesting pawn sacrifice-black gets sufficient counterplay.} (
20... g6 21. f5 e5 22. Nb3) 21. Nxh5 Rxh5 22. Qxg4 Rh8 $6 $44 {better, of
course,22...Rc5} (22... Rc5 $5) 23. Qg3 $5 {[%cal Yg3c3] with idea to reply
b2-b3 on a4-a3 of black.} Ke7 (23... Qc5 24. Qd3) 24. Rd2 Rhc8 (24... a3 $5 25.
b3 Qc3 26. Qxc3 bxc3 27. Rd3 Rb4 {[%cal Yb4e4]} 28. e5 dxe5 29. fxe5 Bxe5 30.
Rhd1 Bxd4 31. Rxd4 Rxd4 32. Rxd4 e5 $15) 25. Qe3 $5 {White has good chances to
consolidate his position after his last defensive play.} e5 26. fxe5 Bxe5 27.
Rf1 Qc5 28. Nf5+ Bxf5 29. Qxc5 Rxc5 30. exf5 Rh8 31. h5 Kf6 {Black has full
compensation for the sacrificied pawn,but it is enough only for the draw.} 32.
Bf3 a3 33. b3 Rc3 34. g4 Kg5 35. Rd3 Rhc8 36. Rxc3 Rxc3 37. Kc1 f6 38. Kd2 Kh4
39. Be2 Kg3 40. Rg1+ Kf2 41. Rf1+ Kg2 42. Kd1 Bg3 43. g5 {Pawn sacrifice with
purpose to activate the rook.} fxg5 44. f6 gxf6 45. Rxf6 Be5 46. Rf5 Bf4 47.
Bd3 $11 Rc8 48. h6 Kf2 49. h7 Re8 50. Be2 d5 (50... Rxe2 $4 51. Rxf4+ gxf4 52.
h8=Q $18) 51. Rf7 {Little trap! 51.Rd5 loses because of 51...Re2.} (51. Rxd5 $4
Rxe2 $19) 51... d4 52. Re7 Rxe7 53. h8=Q Rxe2 54. Qxd4+ Be3 55. Qf6+ Bf4 56.
Qd4+ Kf3 57. Qd5+ Kf2 (57... Re4 58. c3 bxc3 59. Kc2 g4) 1/2-1/2

[Event "RUS-ch 56th"]
[Site "Krasnoyarsk"]
[Date "2003.09.12"]
[Round "9"]
[White "Tseshkovsky, Vitaly"]
[Black "Lugovoi, Aleksei"]
[Result "1-0"]
[WhiteElo "2538"]
[BlackElo "2566"]
[Annotator "Gofshtein,L"]
[PlyCount "61"]
[EventDate "2003.09.03"]
[EventType "swiss"]
[EventRounds "9"]
[EventCountry "RUS"]
[SourceTitle "CBM 098"]
[Source "ChessBase"]
[SourceDate "2004.02.03"]
[SourceVersion "1"]
[SourceVersionDate "2004.02.03"]
[SourceQuality "1"]

1. e4 {[%mdl 4]} c5 2. Nf3 d6 3. d4 cxd4 4. Nxd4 Nf6 5. Nc3 Nc6 6. Bg5 e6 7.
Qd2 a6 8. O-O-O Bd7 9. f4 h6 10. Bh4 g5 {A well known theoretical variation.
Black tries to take control of the e5 square} 11. fxg5 Ng4 {[%csl Re5]} 12. Be2
Nge5 13. Nf3 Be7 14. Rhf1 {[%cal Rf1f7]} hxg5 15. Bg3 b5 16. Qe3 $5 $146 {
[%cal Re3b6,Rd1d8][%mdl 8] An interesting novelty. White transfers the queen
to a better position, taking control over the g1-a7 diagonal. Besides the
d-file is opened for the rook. Sometimes 17.Ne5 Ne5 18.Be5 de 19.Qf2 is
possible with an attack.} (16. Nxe5 Nxe5 17. a3 (17. Qd4 Qc7 18. Qf2 Qa7 19.
Qe1 Rc8 $132 {1/2-1/2 Bryson,D-Rowson,J/SCO 1994/EXT 98 (55)}) 17... Bc6 18.
Qd4 Qb8 19. Qf2 f6 20. h4 gxh4 21. Bxh4 Rf8 22. Qd4 a5 $132 {1/2-1/2 Perunovic,
M-Lekic,D/Nis 1995/EXT 2000 (40)}) 16... f6 $6 {Too slow. Black misses an
obvious piece sacrifice. It was probably necesary to start an immideate
counterplay by 16...Qa5 preparing b4. In this case black has a satisfactory
counterplay} (16... Qa5 $5 17. Nxe5 Nxe5 18. Qf2 f6 $132) 17. Nd5 $1 {[%mdl
512] The black king is still in the centre and white tries to open the
position at any cost} Nf7 $5 {Black refrains from accepting the sacrifice. It
looks like the only practical chance. In case of recieving the sacrifice black
could have found himself under an overwhelming attack} (17... exd5 18. exd5 Na5
(18... Nb8 19. Nxe5 fxe5 20. Bxe5 dxe5 21. Qxe5 Rh4 22. d6 $18) 19. Nxe5 fxe5
20. Qe4 Qc8 21. Bxe5 dxe5 22. d6 $36) 18. Nxe7 $5 {18.Nb6 was a not bad
alternative, exchanging the light-squared bishop} (18. Nb6 $5 Rb8 19. Nxd7 Qxd7
$36) 18... Qxe7 19. h4 $5 {[%csl Rf6] Breaking black's pawn structure and
trying to make use of his weaknesses} gxh4 (19... e5 20. hxg5 fxg5 21. Rh1 $36)
20. Bxh4 {[%cal Rh4f6] Black has many weaknesses and the bad position of his
king allows white a long-time initiative} e5 (20... Rh6) 21. g3 {Protecting
the bishop and allowing the knight to transfer to a better position} Rh6 22.
Kb1 Be6 23. Nh2 $1 $16 {[%cal Rh2g4,Yg4f6] The knight prepares to enter the
game with an overwhelming effect.} Qc7 {It's not easy for black to protect his
many weaknesses} (23... Nd4 24. Ng4 Bxg4 25. Bxg4 $36) 24. c3 {[%cal Yc3b4,
Yc3d4] Restricting the black knight. It was also very strong an immideate 24.
Ng4, focing an exchange of the black light-squared bishop and taking control
over the h3-c8 diagonal} (24. Ng4 $1 Bxg4 25. Bxg4 $40) 24... b4 ({After} 24...
Qd7 {Black also stands bad} 25. Rxf6 Bxa2+ 26. Kxa2 Rxf6 27. Bxf6 Qe6+ 28. Kb1
Qxf6 29. Bh5 $18) 25. Ng4 bxc3 26. Qxc3 Bxg4 27. Bxg4 $18 {White has a
decisive positional advantage, all his pieces are very active} Qb7 28. Be6 Ne7
{[%cal Rb7e4]} 29. Qc2 {[%cal Yc2e4] Protecting the pawn on e4 and making the
pressure on black stronger} Ng5 30. Bxg5 fxg5 31. Rxd6 1-0

[Event "Bermuda-A"]
[Site "Bermuda"]
[Date "2003.01.25"]
[Round "1"]
[White "Svidler, Peter"]
[Black "Miton, Kamil"]
[Result "1-0"]
[WhiteElo "2693"]
[BlackElo "2544"]
[Annotator "Gofshtein,L"]
[PlyCount "67"]
[EventDate "2003.01.25"]
[EventType "tourn"]
[EventRounds "11"]
[EventCountry "BER"]
[EventCategory "15"]
[SourceTitle "CBM 094"]
[Source "ChessBase"]
[SourceDate "2003.05.26"]
[SourceVersion "1"]
[SourceVersionDate "2003.05.26"]
[SourceQuality "1"]

1. e4 {[%mdl 4]} c5 2. Nf3 d6 3. d4 cxd4 4. Nxd4 Nf6 5. Nc3 Nc6 6. Bg5 e6 7.
Qd2 a6 8. O-O-O Bd7 9. f3 Qc7 {Black applies a relatively rare continuation.}
10. g4 Be7 {10...h5 deserves attention as demonstrated in the afformentioned
game.} (10... h5 $5 11. gxh5 Rxh5 12. h4 O-O-O 13. Kb1 Be7 14. Nxc6 Bxc6 15.
Bh3 Kb8 16. Ne2 Rdh8 17. Nf4 R5h7 18. Rhg1 Ne8 $132 {1/2-1/2 Mullon,J-Moldovan,
D/Creon 2002/CBM 89 ext (25)}) (10... b5 11. Bxb5 axb5 12. Ndxb5 Qb8 13. Nxd6+
Bxd6 14. Qxd6 Qxd6 15. Rxd6 $16 {1/2-1/2 Ramesh,R-Lovlu,S/Sakthi 1996/CBM 53 
(45)}) (10... Ne5 11. Bd3 h6 12. Bxf6 gxf6 13. f4 h5 $5 14. gxh5 Nxd3+ 15. Qxd3
Rxh5 $132 {1/2-1/2 Peptan,C-Galliamova,A/Pula 1997/CBM 57 ext (87)}) 11. Be3 $1
$146 {[%cal Rg4g5][%mdl 8] White transfers its bishop to e3 in advance
preparing for g4-g5. In case of 11.h4 Black has counterplay: 11...h5} (11. h4
Rc8 (11... h5 $5 12. gxh5 Nxh5 13. Rg1 O-O-O 14. Kb1 Be8 15. Be2 g6 16. f4 Bxg5
17. hxg5 Nxd4 18. Qxd4 Bc6 {1/2-1/2 Mendoza,R-Minaya,J/Cartagena 1995/EXT 2001
(18)}) (11... Nxd4 12. Qxd4 Bc6 13. Kb1 O-O-O $132 {1/2-1/2 Yildirim,
M-Alaybeyoglu,H/Kocaeli 2002/CBM 89 ext (38)}) 12. Kb1 Ne5 (12... b5 13. Nxc6
Bxc6 14. Bd3 b4 15. Ne2 d5 16. e5 Ng8 17. Nd4 $36 {1-0 Diringer,K-Fauth,D/
Wuerttemberg 1992/GER (41)}) 13. Rg1 b5 14. Bxf6 gxf6 15. f4 Nc4 16. Bxc4 Qxc4
17. Rge1 Kd8 18. a3 b4 19. axb4 Qxb4 20. Nb3 $16 {1-0 Pinter,G-Balogh,V/
Budapest 2000/EXT 2001 (30)}) 11... Ne5 {Black is already experiencing
difficulties. It's unclear how they can achieve some kind of counterplay.
Perhaps it was worth trying 11...h6, temporarily haulting White's attack.} 12.
g5 Nh5 13. f4 Nc4 14. Bxc4 Qxc4 15. f5 {White's attack is developing on its
own. White's active play along with the bad positioning of Black's knight on
h5 which is practically out of play.} b5 {[%cal Rb5b4] With the idea of
innitiating counterplay by way of advancing b4.} 16. a3 Rc8 17. Rhf1 a5 18. Qf2
$1 {[%csl Yf7][%cal Rf2f7][%mdl 128] White activates the Queen for in order to
attack along the f line.} O-O (18... b4 19. fxe6 Bxe6 (19... fxe6 20. Qf7+ Kd8
21. Nf5 $18 exf5 22. Bb6+) 20. Nxe6 fxe6 21. Qf7+ Kd7 22. Rxd6+ $1 Kxd6 23.
Rd1+ $18) (18... e5 19. Nb3 $36) 19. Nb3 b4 20. f6 Bd8 {Black's choice isn't
easy. White's attack is very dangerous in all cases.} (20... bxc3 21. fxe7 $18)
(20... Bxf6 21. gxf6 bxc3 22. fxg7 Nxg7 23. Rg1 f5 24. Rxd6 Ba4 25. Bh6 Rf7 26.
Qd4 cxb2+ 27. Kxb2 Qxd4+ 28. Nxd4 $18) (20... gxf6 21. Nxa5 Qa6 22. gxf6 Bxf6
23. axb4 $40) 21. axb4 a4 22. Rxd6 Bb5 (22... axb3 23. Rxd7 Qxb4 24. fxg7 Nxg7
25. Rxf7 $18) 23. Nd2 Qc7 (23... Qxb4 $5 {More stubborn is 23...Qb4 although
in this case, White's advantage is again unquestionable.} 24. Rd4 Qa5 25. fxg7
Nxg7 26. Rxd8 Rcxd8 27. Bb6 Qa6 28. Nxb5 Rxd2 29. Kxd2 Qxb5 30. Kc1 $16) 24.
fxg7 Nxg7 25. Rxd8 $1 Rfxd8 26. Bb6 $18 Rxd2 (26... Qb7 27. Nxb5 $18) 27. Bxc7
Rxf2 28. Rxf2 Rxc7 29. Nxb5 Rc4 30. c3 Rxe4 31. Nd6 {The active knight and the
pass-pawn 'b' decide the outcome.} Re1+ 32. Kc2 e5 33. b5 Ne6 34. b6 1-0